00837cam a22001812 450000100060000000300080000600500170001400800410003103500190007204000320009104100080012308200180013110000420014924503640019126000560055530000290061165000150064024399BD-RjUL20211209001039.0140313r19541943enka 000 1 eng d a(BD-RjUL)24465 aSOCcSOCdEQOdBD-RjULbeng aeng04a920bVAV 19541 aVan Loon, Hendrik Willem,d1882-1944.10aVan Loon's Lives :bbeing a true and faithful account of a number of highly interesting meetings with certain historical personages, from Confucius and Plato to Voltaire and Thomas Jefferson, about whom we had always felt a great deal of curiosity and who came to us as our dinner guests in a bygone year /cwritten and illustrated by Hendrik Willem van Loon. aLondon :bGeorge G. Harrap,c1943 [reprinted 1954]. a646 p. :bill. ;c22 cm. 0aBiography.